Biblioteca

La potestad de la iglesia : (Registro nro. 70180)

Detalles MARC
000 -LÍDER
Campo fijo de descripción fija 01418nab a22002297i 4500
001 - NÚMERO DE CONTROL
Campo de control 768714001
003 - IDENTIFICADOR DEL NÚMERO DE CONTROL
Campo de control CO-MdFUSB
005 - FECHA Y HORA DE LA ULTIMA TRANSACCIÓN
control field 20240612170347.0
008 - ELEMENTOS DE LONGITUD FIJA -- INFORMACIÓN GENERAL
Campo fijo de descripción fija -- Información general 240612t1963 sp ||||| |||| 00| 0 spa d
040 ## - FUENTE DE CATALOGACIÓN
Idioma de catalogación spa
Agencia que realiza la transcripción CO-MdFUSB
Agencia que realiza la modificación CO-MdFUSB
041 ## - CÓDIGO DE IDIOMA
Código de idioma para texto/pista de sonido o título separado spa
100 ## - ASIENTO PRINCIPAL--NOMBRE PERSONAL
Nombre personal Sánchez y Sánchez, Aquilino,
Término relacionador autor
245 13 - TÍTULO
Título La potestad de la iglesia :
Subtitulo análisis de su aspecto jurídico
Mención de responsabilidad / Aquilino Sánchez y Sánchez
520 ## - NOTA DE RESUMEN, ETC.
Nota de sumario, etc. Así que este no es un estudio jurídico del poder de la iglesia o de su proyección legal en su conjunto. Se tratan poco temas distintos de la jurisdicción, siendo uno general e introductorio -el que aparece primero- y el que trata de las competencias del Magisterio. Así, se mantiene intacto un conjunto densamente poblado de puntos reflectantes con un relieve muy significativo. Algunos de ellos han sido cubiertos por algunos escritores extranjeros, y algunos de nosotros hemos comenzado a mostrar interés, aunque el interés es todavía muy minoritario y se expresa muy tímidamente.
650 #7 - ASIENTO SECUNDARIO DE MATERIA - TERMINO TEMÁTICO
Término temático o nombre geográfico como elemento de entrada Iglesia
9 (RLIN) 655
650 #7 - ASIENTO SECUNDARIO DE MATERIA - TERMINO TEMÁTICO
Término temático o nombre geográfico como elemento de entrada Sociología cristiana
9 (RLIN) 405
650 #7 - ASIENTO SECUNDARIO DE MATERIA - TERMINO TEMÁTICO
Término temático o nombre geográfico como elemento de entrada Teología dogmática
9 (RLIN) 6937
653 ## - TÉRMINO DE INDIZACIÓN - NO CONTROLADO
Término no controlado Potestad de la iglesia
773 0# - ASIENTO DE ITEM FUENTE
Biblionumber 70126
Itemnumber 82758
Lugar, editorial y fecha de publicación Salamanca, España :
Otro identificador del ítem R2633
Título Salmanticensis
Número de control del registro (CO-MdFUSB)768714001
Parte(s) relacionada(s) / Volumen., número. (mes año), páginas Volumen 10, (fascículo 3, 1963) páginas: 609 - 634
Enumeración y primera página página: 609
942 ## - TIPO DE MATERIAL (KOHA)
Tipo de Item KOHA Artículos de Revista
945 ## - INFORMACIÓN LOCAL DEL REGISTRO
Catalogador Catherine Arias Álvarez - Practicante SENA

No hay ítems disponibles.

Biblioteca FUSBC | Teléfono: (57+4) 349 88 10 Ext. 141| WhatsApp (+57) 3005338115 
E-mail: biblioteca@unisbc.edu.co | Calle 76 87-14 Robledo Palenque, Medellín, Colombia

Con tecnología Koha